Quels sont les département qui ont le plus voté RN ? - Statistiques

Statistiques générales
  • Ce quiz a été pris 59 fois
  • Le résultat moyen est 6 sur 10
Statistiques - réponses
Pourcentage
de vote
Indice supplémentaire Département % Correct
43.8% Saint tropez s'y trouve Var
87%
47.46% Se situe un camp de migrant connue nationalement Pas de Calais
79%
44.2% Contient une ville avec un pont devenue légendaire grâce a une chanson pour enfant Vaucluse
75%
47.1% Le Viaduc de Chaumont s'y trouve ainsi qu'un mémorial a Charles de Gaule Haute Marne
69%
45.8% Une ville mythique de la première guerre mondial s'y situe Meuse
65%
44.9% Connue pour la station de ski Gérardmer Vosges
65%
50.64% Departement connue pour ces paysages vallonées et ces monumentde la première guerre mondiale Aisne
56%
45.3% Un festival mondial de marionnette s'y tiens chaque année Ardennes
48%
46.57% Contient une ville ou jacques Brel en a fais une musique (Vesoul) Haute saone
48%
44.5% Connue pour sa faïence et son palais Ducal Nievres
2%
Aucun quiz correspondant
Distribution des résultats
% des personnes avec chaque résultat
Percentile par nombre de réponses
Votre historique - résultats
Vous n’avez pas pris ce quiz